Lập trình bằng turbo Pascal : Version 7.0

Nội dung giới thiệu ngôn ngữ lập trình Pascal, các hàm lôgíc, các cấu trúc điều khiển, kỹ thuật cửa sổ, hàm và thủ tục, các chương trình ứng dụng...

Αποθηκεύτηκε σε:
Λεπτομέρειες βιβλιογραφικής εγγραφής
Κύριος συγγραφέας: Mittelbach, Henning
Μορφή: Βιβλίο
Γλώσσα:Undetermined
Έκδοση: Hà Nội Khoa học và Kỹ thuật 1999
Θέματα:
Ετικέτες: Προσθήκη ετικέτας
Δεν υπάρχουν, Καταχωρήστε ετικέτα πρώτοι!
Thư viện lưu trữ: Trung tâm Học liệu Trường Đại học Cần Thơ
LEADER 00840nam a2200205Ia 4500
001 CTU_29710
008 210402s9999 xx 000 0 und d
082 |a 005.133 
082 |b M685 
100 |a Mittelbach, Henning 
245 0 |a Lập trình bằng turbo Pascal : 
245 0 |b Version 7.0 
245 0 |c Henning Mittelbach ; Ngô Diên Tập ( dịch ) 
260 |a Hà Nội 
260 |b Khoa học và Kỹ thuật 
260 |c 1999 
520 |a Nội dung giới thiệu ngôn ngữ lập trình Pascal, các hàm lôgíc, các cấu trúc điều khiển, kỹ thuật cửa sổ, hàm và thủ tục, các chương trình ứng dụng... 
650 |a pascal ( computer program language ) 
904 |i Qhieu 
980 |a Trung tâm Học liệu Trường Đại học Cần Thơ